| 000 | 00760nam a22002297a 4500 | ||
|---|---|---|---|
| 999 |
_c4252 _d4252 |
||
| 003 | AR-CdUCM | ||
| 008 | 190308b ||||| |||| 00| 0 spa d | ||
| 040 |
_aMUNICIPALIDAD PROVINCIAL DEL CUSCO _cBIBLIOTECA MUNICIPAL DEL CUSCO |
||
| 082 |
_a869.2 / _bC25 |
||
| 100 |
_aCanto, Patricio _913444 |
||
| 245 | _aEl Caso Ortega y Gasset / | ||
| 260 |
_aBuenos Aires : _bEdiciones Leviatan, _c1958. |
||
| 300 |
_a169 paginas ; _c19cm. |
||
| 500 | _aEl caso ortega | ||
| 505 | _aContenido: Situación de Ortega -- Trayectoria -- Funcion de lo cursi -- Ruptura con la tradición -- El ideal etnico... | ||
| 650 |
_aIdeal etnico _913445 |
||
| 650 |
_aPsicologia _91538 |
||
| 650 |
_aLiteratura _983 |
||
| 650 |
_aMexico _918 |
||
| 942 |
_2ddc _cLIBROS |
||
| 945 | _apjha | ||